Statistics for Top 10 Largest States of Brazil by Area

Click here to take the quiz!

General Stats

  • This quiz has been taken 21 times
  • The average score is 7 of 10

Answer Stats

AreaState% Correct
1,570,745Amazonas
94%
903,357Mato Grosso
82%
1,247,689Pará
82%
586,528Minas Gerais
76%
340,086Goiás
65%
357,125.Mato Grosso Do Sul
59%
564,692Bahia
53%
281,748Rio Grande Do Sul
53%
331,983Maranhão
47%
277,620Tocantins
47%

Score Distribution

Percentile by Number Answered

Percent of People with Each Score

Your Score History

You have not taken this quiz